| 000 | 00866nam a22002297a 4500 | ||
|---|---|---|---|
| 008 | 081128t xxu||||| |||| 00| 0 eng d | ||
| 010 | _aENG-93016 | ||
| 020 |
_c150.00 _a9788189840495 |
||
| 035 | _aEN-76549 | ||
| 037 | _bDBAD / PUB | ||
| 040 |
_adpl _bEnglish |
||
| 082 | _a882.08 | ||
| 100 | _aSubbalakshmi, N. | ||
| 245 |
_aShakespeare, the dramatist / _cby N. Subbalakshmi |
||
| 260 |
_bPallavi Pathippagam _c2008 _aErode |
||
| 270 |
_a194, Kanna Complex, Mettur Road, _bErode _e11 |
||
| 300 |
_a72p. _c23cm (pbk) |
||
| 600 |
_aShakespeare, William, 1564-1616 _xCriticism and interpretation. |
||
| 650 | _aEnglish drama. | ||
| 942 |
_2ddc _cEN _mSUB _h882.08 |
||
| 999 |
_c24060 _d24060 |
||